[Event "Laval XIX"]
[Site "Laval CAN"]
[Date "2002.04.21"]
[Round "4"]
[White "Mikanovic, Goran"]
[Black "Luksza, Arkadiusz"]
[Result "1/2-1/2"]
[WhiteElo "2310"]
[BlackElo "2232"]
[PlyCount "101"]
[EventDate "2002.04.19"]
[EventType "swiss"]
[EventRounds "5"]
[EventCountry "CAN"]

1. d4 g6 2. c4 Bg7 3. Nf3 Nf6 4. Nc3 O-O 5. e4 d6 6. Be2 e5 7. O-O Nbd7 8. Re1
c6 9. Rb1 Re8 10. d5 c5 11. a3 h6 12. b4 Kh8 13. Nd2 Rf8 14. Qc2 b6 15. Nb3 Ne8
16. Bd3 Qe7 17. Bd2 Rg8 18. bxc5 Nxc5 19. Nxc5 bxc5 20. Qa4 Nf6 21. Qc6 Bd7 22.
Qa6 Bc8 23. Qa5 Qd8 24. Nb5 Qxa5 25. Bxa5 Ne8 26. Nc7 Nxc7 27. Bxc7 Bf8 28. Rb8
Rxb8 29. Bxb8 a6 30. Rb1 Be7 31. Bc7 Kg7 32. Bc2 f5 33. f4 Kf6 34. exf5 gxf5
35. fxe5+ Kxe5 36. Re1+ Kf6 37. Ba5 Kf7 38. Rf1 Bf6 39. Bxf5 Bd4+ 40. Kh1 Bxf5
41. Rxf5+ Kg6 42. g4 Re8 43. Bc7 Re1+ 44. Kg2 Be5 45. h4 Re3 46. h5+ Kg7 47. g5
hxg5 48. Rxg5+ Kh6 49. Rf5 Rxa3 50. Bxd6 Bxd6 51. Rf6+ 1/2-1/2

[Event "Laval XIX"]
[Site "Laval CAN"]
[Date "2002.04.21"]
[Round "4"]
[White "Rosen, Matthew"]
[Black "Ibrahim, Anthony"]
[Result "1-0"]
[WhiteElo "2000"]
[BlackElo "2157"]
[PlyCount "53"]
[EventDate "2002.04.19"]
[EventType "swiss"]
[EventRounds "5"]
[EventCountry "CAN"]

1. e4 e5 2. Nf3 Nc6 3. Nc3 Bc5 4. Bb5 Nf6 5. O-O d6 6. Bxc6+ bxc6 7. d4 exd4 8.
Nxd4 Bd7 9. Bg5 h6 10. Bh4 O-O 11. Re1 Re8 12. Qd2 Rb8 13. Rad1 Re5 14. Nf3 Rh5
15. e5 Rxh4 16. exf6 Rh5 17. Ne4 Rxb2 18. fxg7 Rb5 19. a4 Bb4 20. Qd4 Rbf5 21.
Qxb4 Rxf3 22. gxf3 Qh4 23. Qd4 Qxh2+ 24. Kf1 Bh3+ 25. Ke2 Re5 26. Rh1 Qf4 27.
Rxh3 1-0

[Event "Laval XIX"]
[Site "Laval CAN"]
[Date "2002.04.21"]
[Round "5"]
[White "Luksza, Arkadiusz"]
[Black "Bolduc, Steve"]
[Result "1-0"]
[WhiteElo "2232"]
[BlackElo "2268"]
[PlyCount "77"]
[EventDate "2002.04.19"]
[EventType "swiss"]
[EventRounds "5"]
[EventCountry "CAN"]

1. c4 e6 2. Nf3 d5 3. g3 Nf6 4. Bg2 Be7 5. O-O O-O 6. d3 b6 7. b3 Bb7 8. Bb2
Nbd7 9. e3 c5 10. Qe2 Qc7 11. Nc3 Rad8 12. Rfd1 Rfe8 13. Rac1 e5 14. e4 d4 15.
Nd5 Nxd5 16. cxd5 Qb8 17. Bh3 b5 18. Rc2 Nb6 19. Ba3 Bc8 20. Bg2 Nd7 21. Qd2 c4
22. Bxe7 c3 23. Bxd8 cxd2 24. Bc7 Qb7 25. b4 f6 26. Nxd2 Nb6 27. Rdc1 Na4 28.
Ba5 f5 29. Rc7 Qb8 30. d6 Nc3 31. Re1 fxe4 32. Nxe4 Bf5 33. d7 Rd8 34. Nc5 e4
35. Bxe4 Bxe4 36. Nxe4 Nd5 37. Rec1 Nb6 38. Bxb6 Qxb6 39. R1c6 1-0

[Event "Laval XIX"]
[Site "Laval CAN"]
[Date "2002.04.21"]
[Round "5"]
[White "Voskanyan, Vahagn"]
[Black "Rosen, Matthew"]
[Result "1-0"]
[WhiteElo "2347"]
[BlackElo "2000"]
[PlyCount "64"]
[EventDate "2002.04.19"]
[EventType "swiss"]
[EventRounds "5"]
[EventCountry "CAN"]

1. e4 c5 2. Nf3 d6 3. d4 cxd4 4. Nxd4 Nf6 5. Nc3 a6 6. Be2 e6 7. a4 Be7 8. O-O
O-O 9. f4 Qc7 10. Kh1 Nc6 11. Nb3 b6 12. Be3 Bb7 13. Bf3 Rab8 14. Qe2 Rfc8 15.
Qf2 Ba8 16. Qg3 Nb4 17. Nd4 Bf8 18. Rf2 d5 19. e5 Ne4 20. Bxe4 dxe4 21. f5 Qc4
22. Raf1 Rd8 23. Nce2 Nc6 24. b3 Qd5 25. c4 Qd7 26. Nxc6 Bxc6 27. Nd4 Ba8 28.
Qh3 Bc5 29. Rd2 Bb4 30. Re2 Re8 31. f6 g6 32. Nc2 Qd3 1-0

[Event "Lazy, Hazy Days of Summer III"]
[Site "Toronto CAN"]
[Date "2002.07.10"]
[Round "2"]
[White "London, John"]
[Black "Rapoport, Alexander"]
[Result "1-0"]
[WhiteElo "2046"]
[BlackElo "1759"]
[PlyCount "125"]
[EventDate "2002.07.03"]
[EventType "swiss"]
[EventRounds "5"]
[EventCountry "CAN"]

1. c4 e6 2. g3 f5 3. Bg2 Nf6 4. Nf3 Be7 5. O-O O-O 6. d4 d5 7. cxd5 exd5 8. Nc3
c6 9. Bf4 Nbd7 10. Ne5 Qe8 11. Rc1 Kh8 12. a3 Ne4 13. Nxe4 fxe4 14. Qd2 Bf6 15.
Ng4 Qh5 16. Nxf6 Nxf6 17. f3 Re8 18. Bg5 exf3 19. Bxf3 Ng4 20. Bxg4 Bxg4 21.
Rf2 Bxe2 22. Rc3 Bg4 23. Bf4 Qg6 24. Be5 Kg8 25. Qd3 Qxd3 26. Rxd3 Bh3 27. Rdf3
Re7 28. Rc3 Rc8 29. b4 g6 30. Rf4 b6 31. g4 c5 32. Rxh3 cxd4 33. Bxd4 Rc2 34.
Rhf3 Re8 35. g5 Rd2 36. Rf2 Rd3 37. Kg2 Rd8 38. h4 Re8 39. Bb2 Rd8 40. Rf7 d4
41. Rxa7 Rf8 42. Rxf8+ Kxf8 43. Bxd4 Rxd4 44. Rxh7 Rd3 45. Rb7 Rxa3 46. Rxb6
Kf7 47. Rf6+ Kg7 48. Rf3 Ra2+ 49. Rf2 Ra4 50. Rb2 Kf7 51. Kg3 Ke6 52. b5 Kf5
53. b6 Ra8 54. b7 Rb8 55. Rb5+ Ke6 56. Kg4 Kd6 57. Rb6+ Ke5 58. Rxg6 Rxb7 59.
Kh5 Kf5 60. Rf6+ Ke5 61. Rf8 Ke6 62. g6 Rg7 63. Kh6 1-0

[Event "Lazy, Hazy Days of Summer III"]
[Site "Toronto CAN"]
[Date "2002.07.31"]
[Round "5"]
[White "Garel, Rick"]
[Black "Dutton, Warren"]
[Result "1/2-1/2"]
[WhiteElo "1982"]
[BlackElo "1926"]
[PlyCount "52"]
[EventDate "2002.07.03"]
[EventType "swiss"]
[EventRounds "5"]
[EventCountry "CAN"]

1. e4 c5 2. Nf3 Nc6 3. d4 cxd4 4. Nxd4 Nf6 5. Nc3 d6 6. Be2 g6 7. Be3 Bg7 8. f4
O-O 9. O-O Qb6 10. Qd2 Nxe4 11. Nxc6 Qxc6 12. Nxe4 Qxe4 13. Bd3 Qc6 14. c3 f5
15. Rad1 b6 16. Bc2 Bb7 17. Bb3+ Kh8 18. Rfe1 Rad8 19. Bd4 e5 20. fxe5 dxe5 21.
Rxe5 Rxd4 22. cxd4 Bxe5 23. dxe5 Qc5+ 24. Qd4 Rd8 25. Qxc5 Rxd1+ 26. Bxd1 bxc5
1/2-1/2

[Event "Lazy, Hazy Days of Summer III"]
[Site "Toronto CAN"]
[Date "2002.07.31"]
[Round "5"]
[White "Sherman, Robert"]
[Black "Rapoport, Alexander"]
[Result "1-0"]
[WhiteElo "1888"]
[BlackElo "2049"]
[PlyCount "79"]
[EventDate "2002.07.03"]
[EventType "swiss"]
[EventRounds "5"]
[EventCountry "CAN"]

1. e4 c5 2. Nf3 Nc6 3. d4 cxd4 4. Nxd4 g6 5. Nc3 Bg7 6. Be3 Nf6 7. Bc4 O-O 8.
Bb3 d6 9. f3 Bd7 10. Qd2 Rc8 11. O-O-O Ne5 12. h4 Nc4 13. Bxc4 Rxc4 14. h5 Nxh5
15. g4 e5 16. Ndb5 Bxb5 17. Nxb5 Nf4 18. Nxd6 Rd4 19. Bxd4 Qxd6 20. Be3 Qa6 21.
Kb1 Rc8 22. Qb4 Bf8 23. Qb3 Qc6 24. Rd2 a5 25. Qb6 Qxb6 26. Bxb6 Bc5 27. Bxa5
Ne6 28. Rd7 b6 29. Bc3 Nd4 30. Bxd4 Bxd4 31. Rd1 Kg7 32. c3 Be3 33. R1d5 Rc5
34. Rxc5 Bxc5 35. Kc2 h5 36. gxh5 gxh5 37. b4 Bf2 38. Rd2 Bg3 39. a4 Bh4 40.
Rh2 1-0

[Event "Malcolm Sim mem 1"]
[Site "Toronto CAN"]
[Date "2002.02.13"]
[Round "1"]
[White "Cohen, David"]
[Black "Boross Harmer, Peter"]
[Result "1/2-1/2"]
[WhiteElo "2023"]
[BlackElo "2110"]
[PlyCount "68"]
[EventDate "2002.02.13"]
[EventType "tourn"]
[EventRounds "9"]
[EventCountry "CAN"]

1. e4 c6 2. d4 d5 3. Nc3 dxe4 4. Nxe4 Nd7 5. Qe2 Ndf6 6. Ng5 h6 7. N5f3 Bf5 8.
Be3 e6 9. g3 Bd6 10. Bg2 Ne7 11. Ne5 Ned5 12. c3 Nxe3 13. Qxe3 Nd5 14. Bxd5
cxd5 15. Ne2 Qb6 16. O-O Qxb2 17. Nf4 O-O 18. f3 Rac8 19. Rfc1 Bxe5 20. dxe5 b6
21. g4 Bc2 22. Ne2 Bh7 23. a4 a5 24. Nd4 Rc5 25. Nb5 Rfc8 26. h4 R8c6 27. Qf2
Qxf2+ 28. Kxf2 Bd3 29. Nd4 Rc8 30. Ra3 g5 31. h5 Rc4 32. Ke3 Bh7 33. Kd2 Kf8
34. Rf1 Kg7 1/2-1/2

[Event "Malcolm Sim mem 1"]
[Site "Toronto CAN"]
[Date "2002.02.13"]
[Round "1"]
[White "Dutton, Warren"]
[Black "Laughlin, Steve"]
[Result "1-0"]
[WhiteElo "2004"]
[BlackElo "2045"]
[PlyCount "105"]
[EventDate "2002.02.13"]
[EventType "tourn"]
[EventRounds "9"]
[EventCountry "CAN"]

1. e4 d6 2. d4 Nf6 3. Nc3 g6 4. f4 Bg7 5. Nf3 c6 6. a4 a5 7. Be2 O-O 8. O-O Qc7
9. Qe1 Nbd7 10. Qh4 e5 11. fxe5 dxe5 12. Kh1 exd4 13. Nxd4 Qd6 14. Be3 Qb4 15.
Ra3 Re8 16. Rb3 Qe7 17. Bg5 h6 18. Bxh6 Nxe4 19. Qf4 Nxc3 20. Bxg7 Nxe2 21. Qh6
f5 22. Qxg6 Qf7 23. Qxf5 Qxf5 24. Nxf5 Nc5 25. Nd6 Re6 26. Rbf3 Rxd6 27. Be5
Rd8 28. Rf6 Re8 29. Rg6+ Kh7 30. Rg7+ Kh6 31. Rff7 Bf5 32. Rxf5 Rxe5 33. Rxe5
Kxg7 34. Rxe2 Rf8 35. Re7+ Rf7 36. Re1 Nxa4 37. b3 Nc5 38. h3 b5 39. Kg1 Kg6
40. Re8 a4 41. bxa4 bxa4 42. Ra8 Kf6 43. Ra5 Ne4 44. Rxa4 Ke5 45. Kh2 c5 46. c4
Rf2 47. Ra8 Kd4 48. Re8 Re2 49. h4 Kxc4 50. h5 Kc3 51. h6 Kd3 52. h7 Ng5 53.
h8=Q 1-0

[Event "Malcolm Sim mem 1"]
[Site "Toronto CAN"]
[Date "2002.02.13"]
[Round "1"]
[White "Oparic, Ivan"]
[Black "Sviridovitch, Alina"]
[Result "1-0"]
[WhiteElo "2109"]
[BlackElo "1925"]
[PlyCount "75"]
[EventDate "2002.02.13"]
[EventType "tourn"]
[EventRounds "9"]
[EventCountry "CAN"]

1. d4 Nf6 2. Nf3 e6 3. e3 Be7 4. c4 d5 5. Nc3 c6 6. Qc2 Nbd7 7. b3 O-O 8. Bd3
Re8 9. O-O dxc4 10. bxc4 c5 11. Bb2 b6 12. d5 exd5 13. cxd5 Bb7 14. Rfd1 h6 15.
Bb5 Bd6 16. Bc6 Bxc6 17. dxc6 Nf8 18. Nb5 Ne4 19. Ne5 Qe7 20. Qxe4 Bxe5 21.
Bxe5 Qxe5 22. Qxe5 Rxe5 23. c7 Ne6 24. Rd7 Rc8 25. Rad1 Kh7 26. Rd8 Nxc7 27.
Rxc8 Nxb5 28. Rd7 Kg6 29. a4 Nc3 30. Rc6+ f6 31. Rxa7 Re4 32. Rxb6 Nxa4 33.
Rbb7 Rc4 34. g3 Kf5 35. Rxg7 Nc3 36. Kg2 Ne4 37. Rae7 Rc2 38. g4# 1-0

[Event "Malcolm Sim mem 1"]
[Site "Toronto CAN"]
[Date "2002.02.13"]
[Round "1"]
[White "Veltmann, Martin"]
[Black "Noritsyn, Nikolay"]
[Result "1-0"]
[WhiteElo "2008"]
[BlackElo "2057"]
[PlyCount "93"]
[EventDate "2002.02.13"]
[EventType "tourn"]
[EventRounds "9"]
[EventCountry "CAN"]

1. c4 c5 2. Nf3 Nf6 3. Nc3 Nc6 4. g3 e6 5. Bg2 Be7 6. O-O d5 7. cxd5 exd5 8. d4
c4 9. Ne5 O-O 10. Bg5 Be6 11. Bxf6 Bxf6 12. f4 Ne7 13. e3 Qb6 14. Qe2 Rad8 15.
Rad1 Qa5 16. g4 h6 17. Kh1 b5 18. f5 Bc8 19. e4 Bb7 20. exd5 Nxd5 21. Ne4 Ba8
22. g5 hxg5 23. Nxf6+ Nxf6 24. Bxa8 Rxa8 25. Rg1 Qd8 26. Rxg5 Qd5+ 27. Qg2
Qxg2+ 28. Rxg2 Rfd8 29. Rdg1 Ne8 30. Rxg7+ Nxg7 31. f6 Rd6 32. Rxg7+ Kf8 33.
Rxf7+ Ke8 34. Re7+ Kd8 35. Nf7+ Kc8 36. Nxd6+ Kd8 37. Re8+ Kd7 38. Rxa8 Kxd6
39. f7 Kd5 40. f8=Q Kxd4 41. Qf6+ Kd3 42. Rd8+ Ke4 43. Qe7+ Kf5 44. Rf8+ Kg6
45. Qf7+ Kh6 46. Rg8 c3 47. Qg6# 1-0

[Event "Malcolm Sim mem 1"]
[Site "Toronto CAN"]
[Date "2002.03.06"]
[Round "2"]
[White "Boross Harmer, Peter"]
[Black "Dutton, Warren"]
[Result "1/2-1/2"]
[WhiteElo "2110"]
[BlackElo "2018"]
[PlyCount "34"]
[EventDate "2002.02.13"]
[EventType "tourn"]
[EventRounds "9"]
[EventCountry "CAN"]

1. e4 e5 2. Nf3 Nc6 3. Nc3 Nf6 4. Be2 Be7 5. O-O O-O 6. d4 d6 7. h3 Re8 8. dxe5
dxe5 9. Bc4 h6 10. a3 a6 11. Be3 b5 12. Ba2 Bb7 13. Qc1 Bf8 14. Rd1 Qc8 15. Bd5
Nxd5 16. Nxd5 Re6 17. Nh4 Nd4 1/2-1/2

[Event "Malcolm Sim mem 1"]
[Site "Toronto CAN"]
[Date "2002.02.25"]
[Round "2"]
[White "Deslauriers, Brian"]
[Black "Lucki, Arnie"]
[Result "1-0"]
[WhiteElo "1943"]
[BlackElo "1905"]
[PlyCount "55"]
[EventDate "2002.02.13"]
[EventType "tourn"]
[EventRounds "9"]
[EventCountry "CAN"]

1. c4 f5 2. g3 Nf6 3. Bg2 g6 4. Nc3 Bg7 5. d3 O-O 6. e4 e6 7. Nge2 c6 8. O-O d6
9. h3 a5 10. Be3 Na6 11. Na4 Nd7 12. Qd2 b5 13. Nac3 b4 14. Na4 fxe4 15. Bxe4
d5 16. Bg2 Bb7 17. Rae1 e5 18. cxd5 cxd5 19. d4 Rc8 20. dxe5 Nxe5 21. Nb6 d4
22. Nxc8 Bxg2 23. Kxg2 Qd5+ 24. f3 Nxf3 25. Ne7+ Kh8 26. Nxd5 Nxd2 27. Rxf8+
Bxf8 28. Bxd2 1-0

[Event "Malcolm Sim mem 1"]
[Site "Toronto CAN"]
[Date "2002.02.23"]
[Round "2"]
[White "Laughlin, Steve"]
[Black "Deslauriers, Brian"]
[Result "1-0"]
[WhiteElo "2045"]
[BlackElo "1943"]
[PlyCount "79"]
[EventDate "2002.02.13"]
[EventType "tourn"]
[EventRounds "9"]
[EventCountry "CAN"]

1. e4 d6 2. d4 Nf6 3. Nc3 g6 4. f4 Bg7 5. Nf3 c5 6. Be3 cxd4 7. Nxd4 O-O 8. Be2
Nc6 9. Qd2 Ng4 10. Bxg4 Bxg4 11. h3 Bd7 12. O-O-O Na5 13. Qd3 Rc8 14. g4 Nc4
15. Kb1 Qb6 16. Bc1 Na3+ 17. Ka1 Rxc3 18. Qxc3 Nb5 19. Nxb5 Bxc3 20. Nxc3 Rc8
21. Nd5 Qd8 22. Rh2 Rc4 23. e5 Bc6 24. Ne3 Ra4 25. exd6 exd6 26. Rhd2 Bf3 27.
Rf1 Qa5 28. a3 Be4 29. Rxd6 Qc5 30. Rd8+ Kg7 31. Kb1 Qb6 32. Rfd1 Qb3 33. Ka1
Bxc2 34. Nxc2 Qxc2 35. b3 Qc3+ 36. Ka2 Qc2+ 37. Bb2+ Kh6 38. bxa4 Qxa4 39. Rh8
Qxd1 40. g5+ 1-0

[Event "Malcolm Sim mem 1"]
[Site "Toronto CAN"]
[Date "2002.02.20"]
[Round "2"]
[White "Lucki, Arnie"]
[Black "Oparic, Ivan"]
[Result "1/2-1/2"]
[WhiteElo "1905"]
[BlackElo "2109"]
[PlyCount "111"]
[EventDate "2002.02.13"]
[EventType "tourn"]
[EventRounds "9"]
[EventCountry "CAN"]

1. e4 Nf6 2. d3 e5 3. f4 Nc6 4. Nf3 d5 5. fxe5 dxe4 6. exf6 exf3 7. Qxf3 Nd4 8.
Qe4+ Be6 9. Kd1 Qxf6 10. Nc3 O-O-O 11. Bf4 Bd6 12. Be3 Be5 13. Be2 Bf5 14. Bg4
Kb8 15. Bxf5 Nxf5 16. Re1 Nxe3+ 17. Qxe3 Bxc3 18. bxc3 Qxc3 19. Rb1 Qc6 20. Qe4
Qxe4 21. Rxe4 Rhe8 22. Rxe8 Rxe8 23. Rb4 Re6 24. Kd2 c6 25. Rf4 f6 26. h4 h5
27. g4 hxg4 28. Rxg4 Re7 29. d4 b5 30. Kd3 Kc7 31. Rg6 Kd6 32. h5 Ke6 33. c4 a6
34. h6 gxh6 35. Rxh6 Rd7 36. Rh8 Rg7 37. Re8+ Kd7 38. Ra8 Rg3+ 39. Ke4 Ra3 40.
cxb5 cxb5 41. Kd5 Rxa2 42. Ra7+ Kc8 43. Kc6 Rc2+ 44. Kd6 Kb8 45. Rxa6 Kb7 46.
Ra5 Kb6 47. Ra8 b4 48. Rb8+ Ka5 49. d5 Ka4 50. Ke6 Rd2 51. d6 f5 52. Ra8+ Kb3
53. d7 Kb2 54. d8=Q Rxd8 55. Rxd8 f4 56. Rf8 1/2-1/2

[Event "Malcolm Sim mem 1"]
[Site "Toronto CAN"]
[Date "2002.02.20"]
[Round "2"]
[White "Noritsyn, Nikolay"]
[Black "Cohen, David"]
[Result "1-0"]
[WhiteElo "2119"]
[BlackElo "2004"]
[PlyCount "63"]
[EventDate "2002.02.13"]
[EventType "tourn"]
[EventRounds "9"]
[EventCountry "CAN"]

1. e4 d5 2. exd5 Nf6 3. d4 Nxd5 4. c4 Nf6 5. Nc3 Bf5 6. Nf3 e6 7. Be2 Be7 8.
Be3 O-O 9. O-O Nc6 10. Nh4 Bg6 11. Nxg6 hxg6 12. Qd2 Kh7 13. Rfd1 Rh8 14. Rac1
Kg8 15. h3 Qd7 16. a3 Rd8 17. b4 Rh4 18. f4 Nh5 19. d5 exd5 20. Nxd5 Nf6 21.
Nxf6+ gxf6 22. Qxd7 Rxd7 23. Rxd7 Bd6 24. c5 Bxf4 25. Bxf4 Rxf4 26. Rxc7 Nd4
27. Bf3 Rxf3 28. gxf3 Ne2+ 29. Kf2 Nxc1 30. Rxb7 Nd3+ 31. Ke3 Ne5 32. Rxa7 1-0

[Event "Malcolm Sim mem 1"]
[Site "Toronto CAN"]
[Date "2002.02.20"]
[Round "2"]
[White "Sviridovitch, Alina"]
[Black "Veltmann, Martin"]
[Result "0-1"]
[WhiteElo "1894"]
[BlackElo "1981"]
[PlyCount "79"]
[EventDate "2002.02.13"]
[EventType "tourn"]
[EventRounds "9"]
[EventCountry "CAN"]

1. d4 Nf6 2. Bg5 d5 3. Bxf6 exf6 4. Nf3 Bd6 5. e3 O-O 6. Bd3 c6 7. O-O Nd7 8.
e4 dxe4 9. Bxe4 g6 10. c4 f5 11. Bd3 Nf6 12. Nc3 Re8 13. Qc2 Bd7 14. Rfe1 Qc7
15. h3 a6 16. c5 Bf8 17. Bc4 Be6 18. Bxe6 fxe6 19. Ng5 Qd7 20. Rad1 Nd5 21. Qe2
Re7 22. Nf3 Bg7 23. Ne5 Bxe5 24. dxe5 Qc7 25. g3 Rd8 26. f4 Red7 27. Nb1 Qa5
28. Rc1 Qxa2 29. Na3 Qb3 30. Qf2 Nb4 31. Rc3 Qa2 32. Re2 Rd1+ 33. Kh2 Nd3 34.
Qg2 Qd5 35. Nc2 Qxg2+ 36. Rxg2 Rb1 37. b3 Rd5 38. Ne3 Rd7 39. Nc2 Rc1 40. Re2
0-1

[Event "Malcolm Sim mem 1"]
[Site "Toronto CAN"]
[Date "2002.02.27"]
[Round "3"]
[White "Cohen, David"]
[Black "Sviridovitch, Alina"]
[Result "0-1"]
[WhiteElo "2004"]
[BlackElo "1894"]
[PlyCount "100"]
[EventDate "2002.02.13"]
[EventType "tourn"]
[EventRounds "9"]
[EventCountry "CAN"]

1. e4 d5 2. exd5 Nf6 3. d4 Nxd5 4. c4 Nb6 5. Nf3 g6 6. Be2 Bg7 7. Be3 Bg4 8.
Nc3 Nc6 9. c5 Nd5 10. O-O O-O 11. Qd2 Re8 12. Rad1 b6 13. Rfe1 bxc5 14. h3 cxd4
15. Nxd5 dxe3 16. Qxe3 Bd7 17. Bb5 Nb8 18. Bxd7 Nxd7 19. Nxe7+ Kf8 20. Ng5 Rxe7
21. Nxh7+ Ke8 22. Qf3 Rb8 23. Ng5 Bf6 24. Nh7 Rb6 25. Nxf6+ Rxf6 26. Qc3 Ree6
27. Rf1 Qb8 28. Rd4 Qb6 29. Rb4 Qc5 30. Rc4 Qe5 31. Rxc7 Qxc3 32. Rxc3 Re2 33.
Ra3 a6 34. b4 Rb2 35. Ra4 Rb6 36. a3 Nf6 37. Re1+ Kf8 38. Ra5 Rb3 39. g3 Rd3
40. Kg2 Nd5 41. Re4 Nc7 42. Rc4 Nb5 43. Rc8+ Kg7 44. a4 Na3 45. b5 axb5 46.
axb5 Rxb5 47. Ra7 Rf5 48. Rcc7 Rd2 49. Rxa3 Rdxf2+ 50. Kg1 Rf1+ 0-1

[Event "Malcolm Sim mem 1"]
[Site "Toronto CAN"]
[Date "2002.02.27"]
[Round "3"]
[White "Deslauriers, Brian"]
[Black "Dutton, Warren"]
[Result "1/2-1/2"]
[WhiteElo "1943"]
[BlackElo "2034"]
[PlyCount "63"]
[EventDate "2002.02.13"]
[EventType "tourn"]
[EventRounds "9"]
[EventCountry "CAN"]

1. c4 Nf6 2. g3 c5 3. Bg2 g6 4. Nc3 Bg7 5. a3 Nc6 6. Nh3 O-O 7. Nf4 d6 8. h4
Bg4 9. d3 h6 10. f3 Bd7 11. Rb1 Rb8 12. e3 Ne5 13. b3 b6 14. Bb2 a6 15. d4 cxd4
16. exd4 Nc6 17. a4 Bf5 18. Rc1 h5 19. Ncd5 Nxd5 20. Nxd5 Bh6 21. g4 Bxc1 22.
Bxc1 Be6 23. Nf4 d5 24. Nxe6 fxe6 25. Qd3 Kg7 26. gxh5 Rf5 27. hxg6 dxc4 28.
Qd2 Qh8 29. f4 Na5 30. Bb2 Nxb3 31. Qe2 Kxg6 32. Be4 1/2-1/2

[Event "Malcolm Sim mem 1"]
[Site "Toronto CAN"]
[Date "2002.02.27"]
[Round "3"]
[White "Noritsyn, Nikolay"]
[Black "Boross Harmer, Peter"]
[Result "1-0"]
[WhiteElo "2119"]
[BlackElo "2110"]
[PlyCount "103"]
[EventDate "2002.02.13"]
[EventType "tourn"]
[EventRounds "9"]
[EventCountry "CAN"]

1. e4 c6 2. d4 d5 3. e5 Bf5 4. Ne2 h6 5. Ng3 Bh7 6. Bd3 Bxd3 7. Qxd3 e6 8. O-O
Qb6 9. b3 c5 10. c3 Nc6 11. Be3 O-O-O 12. Nd2 cxd4 13. cxd4 Ba3 14. b4 Bb2 15.
b5 Bxa1 16. bxc6 Qxc6 17. Rxa1 Kb8 18. Nb3 Ne7 19. Rb1 Rd7 20. Nc5 Rdd8 21.
Rxb7+ Qxb7 22. Nxb7 Kxb7 23. Qb5+ Ka8 24. Qc5 Rd7 25. Ne2 Rc8 26. Qa3 Rdc7 27.
g3 Nf5 28. Kg2 Rc2 29. Kf3 g5 30. h3 h5 31. Qa6 R8c6 32. Qa4 R6c4 33. Qe8+ Rc8
34. Qxf7 g4+ 35. hxg4 hxg4+ 36. Kxg4 Rxe2 37. Qxe6 Nxe3+ 38. fxe3 Kb8 39. Qxd5
Rxe3 40. Qb5+ Ka8 41. Qd5+ Kb8 42. Qd6+ Ka8 43. Kf4 Re1 44. e6 Rf1+ 45. Ke5
Re1+ 46. Kd5 Re3 47. e7 Re1 48. Qd7 Rb8 49. Kd6 Re3 50. d5 Re1 51. Qd8 Kb7 52.
Kd7 1-0

[Event "Malcolm Sim mem 1"]
[Site "Toronto CAN"]
[Date "2002.03.04"]
[Round "3"]
[White "Oparic, Ivan"]
[Black "Laughlin, Steve"]
[Result "1/2-1/2"]
[WhiteElo "2109"]
[BlackElo "2016"]
[PlyCount "88"]
[EventDate "2002.02.13"]
[EventType "tourn"]
[EventRounds "9"]
[EventCountry "CAN"]

1. Nf3 Nf6 2. g3 g6 3. b3 Bg7 4. Bb2 O-O 5. Bg2 d6 6. d4 Nbd7 7. O-O c6 8. c4
Qc7 9. Nc3 Re8 10. Re1 e5 11. e4 a6 12. a4 Rb8 13. dxe5 Nxe5 14. Nd4 Ned7 15.
h3 Nf8 16. Qd2 Ne6 17. Nxe6 Bxe6 18. Rac1 Rbd8 19. Nd5 cxd5 20. cxd5 Qb6 21.
dxe6 Rxe6 22. Rc4 a5 23. Qc2 d5 24. Bd4 Qa6 25. Rc8 Rxc8 26. Qxc8+ Re8 27. Qc7
dxe4 28. Bf1 Nd5 29. Qd7 Qc6 30. Bb5 Qxd7 31. Bxd7 Rd8 32. Bxg7 Rxd7 33. Bh6 f5
34. Rc1 Nb4 35. h4 Kf7 36. Rc5 Nc6 37. Rb5 Nd4 38. Rb6 Nf3+ 39. Kg2 Rd1 40.
Rxb7+ Ke6 41. Be3 Rg1+ 42. Kh3 Rh1+ 43. Kg2 Rh2+ 44. Kf1 Rh1+ 1/2-1/2

[Event "Malcolm Sim mem 1"]
[Site "Toronto CAN"]
[Date "2002.02.27"]
[Round "3"]
[White "Veltmann, Martin"]
[Black "Lucki, Arnie"]
[Result "1/2-1/2"]
[WhiteElo "1981"]
[BlackElo "1905"]
[PlyCount "82"]
[EventDate "2002.02.13"]
[EventType "tourn"]
[EventRounds "9"]
[EventCountry "CAN"]

1. c4 f5 2. g3 Nf6 3. Bg2 g6 4. d4 Bg7 5. Nh3 O-O 6. Nc3 d6 7. d5 a5 8. O-O Na6
9. Nf4 Rb8 10. a3 Qe8 11. Bd2 e5 12. dxe6 Bxe6 13. Nxe6 Qxe6 14. Nd5 c6 15.
Nxf6+ Bxf6 16. Bxa5 Bxb2 17. Ra2 Bg7 18. Rd2 Qxc4 19. Rxd6 Qc5 20. Qb3+ Kh8 21.
Bb4 Qb5 22. Qd3 Qxd3 23. Rxd3 Rfe8 24. e3 c5 25. Bc3 Bxc3 26. Rxc3 Red8 27. Rb1
b5 28. Bf1 b4 29. axb4 Rxb4 30. Ra1 Nc7 31. Rxc5 Ne6 32. Rc2 Ng5 33. Be2 Rdb8
34. Kg2 Rb2 35. Ra2 Rxa2 36. Rxa2 Kg7 37. Ra7+ Kf6 38. h4 Nf7 39. h5 Rb2 40.
Bf3 Ng5 41. h6 Nf7 1/2-1/2

[Event "Malcolm Sim mem 1"]
[Site "Toronto CAN"]
[Date "2002.03.13"]
[Round "4"]
[White "Boross Harmer, Peter"]
[Black "Deslauriers, Brian"]
[Result "1-0"]
[WhiteElo "2110"]
[BlackElo "1926"]
[PlyCount "73"]
[EventDate "2002.02.13"]
[EventType "tourn"]
[EventRounds "9"]
[EventCountry "CAN"]

1. e4 d6 2. b4 Nf6 3. Nc3 e5 4. Bc4 Nc6 5. a3 Nd4 6. d3 g6 7. Nge2 Be6 8. Bxe6
Nxe6 9. O-O Bg7 10. Nd5 c6 11. Nxf6+ Bxf6 12. c4 O-O 13. Bh6 Re8 14. Be3 d5 15.
Qb3 d4 16. Bd2 Bg5 17. f4 Bh6 18. Qa2 exf4 19. Nxf4 Nxf4 20. Bxf4 Bxf4 21. Rxf4
c5 22. Raf1 Re7 23. bxc5 Qc7 24. Qf2 Rf8 25. Qxd4 Rd7 26. Qe3 Qa5 27. d4 Qa4
28. Qc3 b6 29. d5 bxc5 30. e5 Rb7 31. e6 f5 32. d6 Qc6 33. Qe5 Rd8 34. e7 Rdb8
35. Qe6+ Kg7 36. R4f2 Qd7 37. Qe5+ 1-0

[Event "Malcolm Sim mem 1"]
[Site "Toronto CAN"]
[Date "2002.03.06"]
[Round "4"]
[White "Dutton, Warren"]
[Black "Oparic, Ivan"]
[Result "0-1"]
[WhiteElo "2018"]
[BlackElo "2109"]
[PlyCount "94"]
[EventDate "2002.02.13"]
[EventType "tourn"]
[EventRounds "9"]
[EventCountry "CAN"]

1. e4 c6 2. d4 d5 3. e5 Bf5 4. Bd3 Bxd3 5. Qxd3 e6 6. Bd2 Nd7 7. Nf3 c5 8. c3
Ne7 9. O-O Nc6 10. Re1 Be7 11. a4 Na5 12. Qc2 c4 13. Ra2 Qb6 14. Bg5 Bf8 15.
Nbd2 h6 16. Be3 Nb3 17. h3 Be7 18. Qd1 Nb8 19. Nxb3 cxb3 20. Ra1 Nc6 21. Nd2
Na5 22. Qg4 g6 23. Rac1 Rc8 24. c4 h5 25. Qf3 Nxc4 26. Nxc4 Rxc4 27. Rxc4 dxc4
28. d5 Qb4 29. Rd1 exd5 30. e6 fxe6 31. Bd4 Rf8 32. Qg3 g5 33. Qb8+ Kd7 34.
Qxa7 Kc6 35. Bg7 Rf7 36. Bd4 Bc5 37. Qa8 Rf8 38. Qxf8 Bxf8 39. Ra1 Qa5 40. Kf1
Bb4 41. Ke2 b5 42. axb5+ Qxb5 43. Kf3 c3 44. bxc3 Qd3+ 45. Be3 Bxc3 46. Ra8 d4
47. Rc8+ Kd7 0-1

[Event "Malcolm Sim mem 1"]
[Site "Toronto CAN"]
[Date "2002.03.06"]
[Round "4"]
[White "Laughlin, Steve"]
[Black "Veltmann, Martin"]
[Result "1-0"]
[WhiteElo "2016"]
[BlackElo "1981"]
[PlyCount "56"]
[EventDate "2002.02.13"]
[EventType "tourn"]
[EventRounds "9"]
[EventCountry "CAN"]

1. e4 c5 2. Nf3 d6 3. d4 cxd4 4. Nxd4 Nf6 5. Nc3 a6 6. Bg5 e6 7. f4 Be7 8. Qf3
Qc7 9. O-O-O Nbd7 10. g4 b5 11. Bd3 b4 12. Nce2 Bb7 13. Kb1 e5 14. Nf5 Bf8 15.
Bxf6 gxf6 16. g5 fxg5 17. fxg5 O-O-O 18. Rhf1 Nc5 19. Ne3 h6 20. h4 hxg5 21.
hxg5 Kb8 22. Nd5 Bxd5 23. exd5 Be7 24. Qg4 Rh2 25. Rxf7 Nxd3 26. cxd3 Qb7 27.
g6 b3 28. a3 Qxd5 1-0